000 00311nam a22001337a 4500
008 210308b ||||| |||| 00| 0 eng d
020 _a0314852174
041 _aeng
080 _251
_a51
100 _a37
101 _aMAT
245 _aCollege Algebra with Applications
_cJosse Barros- Neto
942 _2udc
_cBK
999 _c55899
_d55899